000 00825nam a2200289Ia 4500
003 OSt
005 20221006160526.0
006 a|||||r|||| 00| 0
007 ta
008 221006b |||||||| |||| 00| 0 jpn d
020 _a4884922883
_c¥1400
020 _a9784884922887
024 _a45,397
037 _bGift, Prof. Yuichi Kamimura
_cTextual
040 _aEASL
_cEASL
_bjpn
041 _2jpn
_ajpn
082 _aO42,3x, P5
100 _aSakamoto Toshie
_9674005
245 0 _aAshita mata asobone
_b Ano hi mita koto 2
260 _aShinjuku
_bYomo Shuppan Japan
_c2005
300 _a64p.
_ccm.
490 _v JL
650 _a JL
650 _aJapan - Literature - Novel
_9645987
942 _hO42,3x, P5
_cTEXL
_2CC
999 _c1113489
_d1113489